LEADER 03635 am 2200649 n 450 001 9910731414403321 005 20230515 010 $a2-940600-44-9 024 7 $a10.4000/books.iheid.9138 035 $a(CKB)5840000000254157 035 $a(FrMaCLE)OB-iheid-9138 035 $a(PPN)270386130 035 $a(EXLCZ)995840000000254157 100 $a20230522j|||||||| ||| 0 101 0 $aeng 135 $auu||||||m|||| 200 10$aWhere Goes the Neighbourhood? $eRefugee Resettlement and Urban Development in a Disempowered City /$fChiara Moslow 210 $aGeneva $cGraduate Institute Publications$d2023 330 $aThis paper explores the intersection of urban restructuring and refugee resettlement. Centring around a case study of Buffalo, New York (NY), USA, it adds to the small but growing number of studies on resettlement in post-industrial contexts. Buffalo is experiencing economic and population growth, termed by some as the city?s renaissance (even the refugee renaissance), while others regard it as gentrification and exclusionary development. At the same time, the city has become one of the largest resettlement sites in the country. In politicians? statements and the media, refugees are credited with being one of the key drivers for this development in the city. Through interviews with various stakeholders, I explore how these phenomena are understood. I argue that this convening of factors creates a particular conception of the figure of the resettled refugee. In Buffalo, refugees emerge as a particularly valued form of other, capable of driving development in a way that fits ideally within the narrative of ?rust to reinvention?. As such, they become outside economic development agents, divorced from the challenges faced by struggling residents for decades. Resettlement actors navigate this conversation, recognising the challenges faced by refugees and other residents, while at the same time carrying forward prevailing narratives and frames. We extend our heartfelt thanks to the Vahabzadeh Foundation for financially supporting the publication of best works by young researchers of the Graduate Institute, giving a priority to those who have been awarded academic prizes for their master?s dissertations. 606 $aDemography 606 $aUrban Studies 606 $aPlanning & Development 606 $aSocial Sciences, Interdisciplinary 606 $aSocial Work & Social Policy 606 $aCultural studies 606 $aculture religion and identity 606 $aidentity 606 $aIslam 606 $adevelopment policies and practices 606 $aeconomic development 606 $aimmigration 606 $amigration and refugees 606 $apublic discourse 606 $aurban development 606 $apost-industrial development 615 4$aDemography 615 4$aUrban Studies 615 4$aPlanning & Development 615 4$aSocial Sciences, Interdisciplinary 615 4$aSocial Work & Social Policy 615 4$aCultural studies 615 4$aculture religion and identity 615 4$aidentity 615 4$aIslam 615 4$adevelopment policies and practices 615 4$aeconomic development 615 4$aimmigration 615 4$amigration and refugees 615 4$apublic discourse 615 4$aurban development 615 4$apost-industrial development 700 $aMoslow$b Chiara$01370601 801 0$bFR-FrMaCLE 906 $aBOOK 912 $a9910731414403321 996 $aWhere Goes the Neighbourhood$93398846 997 $aUNINA LEADER 02678nam 2200601 a 450 001 9910785112303321 005 20230725024950.0 010 $a1-282-82158-X 010 $a9786612821585 010 $a0-567-62671-7 035 $a(CKB)2670000000047158 035 $a(EBL)592420 035 $a(OCoLC)670412097 035 $a(SSID)ssj0000426867 035 $a(PQKBManifestationID)12202055 035 $a(PQKBTitleCode)TC0000426867 035 $a(PQKBWorkID)10390366 035 $a(PQKB)10997618 035 $a(MiAaPQ)EBC592420 035 $a(Au-PeEL)EBL592420 035 $a(CaPaEBR)ebr10422375 035 $a(CaONFJC)MIL282158 035 $a(EXLCZ)992670000000047158 100 $a20100928d2010 uy 0 101 0 $aeng 135 $aur|n|---||||| 181 $ctxt 182 $cc 183 $acr 200 10$aReformed theology$b[electronic resource] /$fR. Michael Allen 210 $aLondon ;$aNew York $cT & T Clark$d2010 215 $a1 online resource (230 p.) 225 1 $aDoing theology 300 $aDescription based upon print version of record. 311 $a0-567-03429-1 311 $a0-567-03430-5 320 $aIncludes bibliographical references (p. 200-210) and indexes. 327 $aContents; Acknowledgments; Abbreviations; Introduction: What Is Reformed Theology?; 1 Word of God; 2 Covenant; 3 God and Christ; 4 Faith and Salvation; 5 Sin and Grace; 6 Worship; 7 Confessions and Authority; 8 Culture and Eschatology; Conclusion: The Always Being Reformed Church; Notes; Bibliography; Index of Scriptures; Index of Names 330 $aThis book introduces Reformed theology by surveying the doctrinal concerns that have shaped its historical development. The book sketches the diversity of the Reformed tradition through the past five centuries even as it highlights the continuity with regard to certain theological emphases. In so doing, it accentuates that Reformed theology is marked by both formal ('the always reforming church') and material ('the Reformed church') interests. Furthermore, it attends to both revisionary and conservative trends within the Reformed tradition. . The book covers eight major theological themes: Wo 410 0$aDoing theology (Series) 606 $aReformed Church$xDoctrines 606 $aReformed Church$xDoctrines$xHistory 615 0$aReformed Church$xDoctrines. 615 0$aReformed Church$xDoctrines$xHistory. 676 $a230.42 700 $aAllen$b R. Michael$01481270 801 0$bMiAaPQ 801 1$bMiAaPQ 801 2$bMiAaPQ 906 $aBOOK 912 $a9910785112303321 996 $aReformed theology$93725695 997 $aUNINA